<?xml version="1.0" encoding="UTF-8"?>
<record
    xmlns:xsi="http://www.w3.org/2001/XMLSchema-instance"
    xsi:schemaLocation="http://www.loc.gov/MARC21/slim http://www.loc.gov/standards/marcxml/schema/MARC21slim.xsd"
    xmlns="http://www.loc.gov/MARC21/slim">

  <leader>00416nam a2200133   4500</leader>
  <controlfield tag="003">Sibusiso Mjikeliso</controlfield>
  <controlfield tag="005">20220217113702.0</controlfield>
  <controlfield tag="008">220217b        sa ||||| |||| 00| 0 eng d</controlfield>
  <datafield tag="040" ind1=" " ind2=" ">
    <subfield code="a">Manual</subfield>
    <subfield code="c">Manual</subfield>
    <subfield code="e">RDA</subfield>
  </datafield>
  <datafield tag="245" ind1=" " ind2=" ">
    <subfield code="a">BEING A BLACKSPRINGBOK </subfield>
    <subfield code="b">The Thando Manana story</subfield>
    <subfield code="c">Sibusiso Mjikeliso</subfield>
  </datafield>
  <datafield tag="260" ind1=" " ind2=" ">
    <subfield code="a">Johannesburg </subfield>
    <subfield code="b">Pan Macmillan South Africa</subfield>
    <subfield code="c">2017</subfield>
  </datafield>
  <datafield tag="300" ind1=" " ind2=" ">
    <subfield code="a">vii,280pages</subfield>
    <subfield code="c">24cm</subfield>
  </datafield>
  <datafield tag="942" ind1=" " ind2=" ">
    <subfield code="2">ddc</subfield>
    <subfield code="c">BOOK</subfield>
  </datafield>
  <datafield tag="999" ind1=" " ind2=" ">
    <subfield code="c">630647</subfield>
    <subfield code="d">630646</subfield>
  </datafield>
  <datafield tag="952" ind1=" " ind2=" ">
    <subfield code="0">0</subfield>
    <subfield code="1">0</subfield>
    <subfield code="2">ddc</subfield>
    <subfield code="4">0</subfield>
    <subfield code="7">0</subfield>
    <subfield code="8">FIC</subfield>
    <subfield code="a">KWAML</subfield>
    <subfield code="b">LIBAL</subfield>
    <subfield code="d">2022-02-17</subfield>
    <subfield code="o">EF MJIK</subfield>
    <subfield code="p">33228031021035</subfield>
    <subfield code="r">2022-02-17</subfield>
    <subfield code="w">2022-02-17</subfield>
    <subfield code="y">BOOK</subfield>
  </datafield>
</record>
